000 01238cam a22003497a 4500
003 CHAP
005 20220329142458.0
008 010531d2000 mx r 00110 spa d
010 _a84038
011 _a85010
020 _a9290811277
035 _a95537
040 _cCHAP
082 0 4 _a636.0882
_bS8
100 0 0 _aStarkey, Paul
_eed.
_9109488
245 1 0 _aImproving animal traction technology :
_bproceedings of...
_c/ed. por Paul Starkey, Emmanuel Mwenya and John Stares
260 _aWageningen :
_bTechnical Centre for Agricultural and Rural Cooperation,
_c1994.
300 _a490 p. :
_bilus.
590 _aBATCH-UPD
_b10
_c20130110
_lUCH01
_h0416
590 _aBATCH-UPD
_b10
_c20130410
_lUCH01
_h0051
590 _aBATCH-UPD
_b10
_c20130914
_lUCH01
_h0333
590 _aCONVERSION
_b10
_c20130109
_lUCH01
_h1347
650 1 4 _aAnimales de carga.
_95878
650 1 4 _aEnergĂ­a animal.
_936889
700 0 0 _aMwenya, Emmanuel
_eed.
_979921
700 0 0 _aStares, John
_eed.
_9109482
711 0 0 _aAnimal Traction Network for Eastern and Southern Africa (1992 : Lusaka, Zambia)
_95854
901 _aBK
905 _aAlejandra Carrasco M.
942 _cLIBRO
949 _a636.0882 S8
_bBC
_cLIBRO
_d33724000835278
_eLIBRO
_h100303
_i95537
_si
999 _c84038
_d84038